|
|
|
|
| LEADER |
00677nam a22002052a 4500 |
| 001 |
000058521 |
| 003 |
CZ BrMZK |
| 005 |
19950407143423.0 |
| 008 |
950407s1987 gw f ger d |
| 020 |
|
|
|a 3-05-000306-5
|
| 040 |
|
|
|a BOA001
|b cze
|
| 080 |
|
|
|a 316.344.34
|2 MRF
|
| 100 |
1 |
|
|a Kuczynski, Jürgen,
|d 1904-1997
|7 jn19990004714
|
| 245 |
1 |
4 |
|a Die Intelligenz :
|b Studien zur Soziologie und Geschichte ihrer Grossen
|
| 260 |
|
|
|a Berlin :
|b Akademie Verlag,
|c 1987
|
| 300 |
|
|
|a 348 s.
|
| 910 |
|
|
|a BOA001
|b PK-0105.740
|
| 964 |
|
|
|a Inteligence-stav - vývoj - studie
|
| 990 |
|
|
|a BK
|
| 996 |
7 |
|
|b 3119974608
|c PK-0105.740
|l MZK
|r Sklad / do 1 hodiny
|n 1
|w 000058521
|u 000010
|a 1
|e BOA001
|j MZK50
|s A
|